| 000 | 00473cam a2200157 4500500 | ||
|---|---|---|---|
| 005 | 20260329004416.0 | ||
| 041 | _afre | ||
| 042 | _adc | ||
| 245 | 0 | 0 | _aLe Voluptueux inquiet |
| 260 | _c2019. | ||
| 500 | _a5 | ||
| 690 | _aFrédéric Schiffter | ||
| 690 | _aMénécée | ||
| 786 | 0 | _nPhilosophie magazine | 132 | 9 | 2019-09-01 | p. 55-55 | 1951-1787 | |
| 856 | 4 | 1 | _uhttps://shs.cairn.info/magazine-philosophie-magazine-2019-9-page-55?lang=fr&redirect-ssocas=7080 |
| 999 |
_c1833569 _d1833569 |
||